000 00666nam a2200205 i 4500
001 47614
003 ES-MaACL
005 20251011063105.0
007 t|
008 030508s1988 sp |||| | spa d
080 _a342.7(=999.5:460)"17"(043.2)
100 0 _aGómez Alfaro, Antonio,
_d1931-
_957809
245 1 3 _aEl expediente general de gitanos /
_cAntonio Gómez Alfaro.
260 _aMadrid :
_bA. Gómez Alfaro,
_c1988.
300 _a2 v. ;
_c30 cm.
502 _aTesis--Universidad Complutense de Madrid.
650 4 _aGitanos-
_zEspaña.
_9146948
852 _aES-MaACL
_jG-6002-03
_z. - Donat. Ernesto García Camarero
999 _c47614
_d47614